书目信息 |
| 题名: |
网络处理器与网络系统设计
|
|
| 作者: | 科默, , 科默 著 | |
| 分册: | ||
| 出版信息: | 北京 电子工业出版社 2004.03 |
|
| 页数: | 515页 | |
| 开本: | 24cm | |
| 丛书名: | 国外计算机科学教材系列 | |
| 单 册: | ||
| 中图分类: | TP393.02 | |
| 科图分类: | ||
| 主题词: | 计算机网络--微处理器--教材--英文 | |
| 电子资源: | ||
| ISBN: | 7-5053-9623-4 | |
| 000 | 01157nam 2200277 450 | |
| 001 | 0157030452 | |
| 005 | 20051026172250.29 | |
| 010 | @a7-5053-9623-4@dCNY49.00 | |
| 100 | @a20050115d2004 km y0chiy0120 ea | |
| 101 | 1 | @achi@ceng |
| 102 | @aCN@b110000 | |
| 105 | @aa a 001yy | |
| 200 | 1 | @a网络处理器与网络系统设计@Awang luo chu li qi yu wang luo xi tong she ji@d= Network Systems Design Using Network Processors@e英文版@f(美)科默著@F(mei)ke mo zhu@zeng |
| 210 | @a北京@c电子工业出版社@d2004.03 | |
| 215 | @a515页@c图@d24cm | |
| 225 | 2 | @a国外计算机科学教材系列 |
| 320 | @a有书目和索引。 | |
| 330 | @a本书对复杂网络处理器的设计和使用进行了详细的阐述,并全面地介绍了组成因特网的各独立系统的设计和实现,包括通用硬件和专用硬件、协议软件以及设计中的权衡问题。全书共分27章,其中第3章至第27章由三部分组成。 | |
| 410 | 0 | @12001 @a国外计算机科学教材系列 |
| 510 | 1 | @aNetwork Systems Design Using Network Processors@zeng |
| 606 | 0 | @a计算机网络@x微处理器@x教材@x英文 |
| 690 | @aTP393.02@v4 | |
| 701 | 1 | @a科默,@Ake mo,@bD. E.@g(Comer, Douglas E.)@4著 |
| 701 | 0 | @a科默@Ake mo@4著 |
| 801 | 0 | @aCN@bQSSK@c20051026 |
| 905 | @a10447@dTP393.02@eK516 | |
| 网络处理器与网络系统设计= Network Systems Design Using Network Processors:英文版/(美)科默著.-北京:电子工业出版社,2004.03 |
| 515页:图;24cm.-(国外计算机科学教材系列) |
| ISBN 7-5053-9623-4:CNY49.00 |
| 本书对复杂网络处理器的设计和使用进行了详细的阐述,并全面地介绍了组成因特网的各独立系统的设计和实现,包括通用硬件和专用硬件、协议软件以及设计中的权衡问题。全书共分27章,其中第3章至第27章由三部分组成。 |
| ● |
| 相关链接 |
|
|
|
正题名:网络处理器与网络系统设计
索取号:TP393.02/K516
 
预约/预借
| 序号 | 登录号 | 条形码 | 馆藏地/架位号 | 状态 | 备注 |
| 1 | 576005 | 205760050 | 自科库301/301自科库 120排1列3层/ [索取号:TP393.02/K516] | 在馆 | |
| 2 | 576006 | 205760069 | 自科二线404/404自科库 19排4列6层/ [索取号:TP393.02/K516] | 在馆 | |
| 3 | 576007 | 205760078 | 自科库301/301自科库 120排1列3层/ [索取号:TP393.02/K516] | 在馆 |